LEADER 00827nam0 2200241 450 001 000021393 005 20181001115759.0 100 $a20090113d1962----km-y0itay50------ba 101 0 $aeng 102 $aGB 105 $ay-------001yy 200 1 $aProblems of the American economy$ean economist's view$fPaul A. Samuelson$ethe stamp memorial lecture delivered before the University of London on 9 November 1961 210 $aLondon$cAthlone$d1962 215 $a30 p.$d21 cm 500 10$aProblems of the American economy$946493 610 1 $aAmerica$aEconomia 676 $a330.98$v19 700 1$aSamuelson,$bPaul Anthony$03816 801 0$aIT$bUNIPARTHENOPE$c20090113$gRICA$2UNIMARC 912 $a000021393 951 $a330.98 /101$b15803$cNAVA4$d2009 996 $aProblems of the American economy$946493 997 $aUNIPARTHENOPE LEADER 01028nam0 22002651i 450 001 VAN0026197 005 20050301120000.0 100 $a20041020d1987 |0itac50 ba 101 $aita 102 $aIT 105 $a|||| ||||| 200 1 $aArchivio d'architettura$ecatalogo ragionato degli edifici contemporanei, 1985$fPaolo Giambartolomei 210 $aRoma$cOfficina$d1987 215 $a362 p.$cill.$d24 cm. 606 $aArchitettura$x1965-1985$3VANC011876$2FI 620 $dRoma$3VANL000360 676 $a724.91$v21 700 1$aGiambartolomei$bPaolo$3VANV021808$010490 712 $aOfficina$3VANV108055$4650 801 $aIT$bSOL$c20230616$gRICA 899 $aBIBLIOTECA DEL DIPARTIMENTO DI ARCHITETTURA E DISEGNO INDUSTRIALE$1IT-CE0107$2VAN01 912 $aVAN0026197 950 $aBIBLIOTECA DEL DIPARTIMENTO DI ARCHITETTURA E DISEGNO INDUSTRIALE$d01PREST IIAa40 $e01 27895 20050908 996 $aArchivio d'architettura$91432338 997 $aUNICAMPANIA